| 000 | 01304cam a2200325 a 4500 | ||
|---|---|---|---|
| 001 | 3099230 | ||
| 003 | OSt | ||
| 005 | 20230621091558.0 | ||
| 008 | 981105s1995 sz b 100 0 eng d | ||
| 010 | _a 98218317 | ||
| 020 | _a9291420107 | ||
| 035 | _a(OCoLC)38262581 | ||
| 040 |
_aUPM _cUPM _dDLC |
||
| 042 | _alccopycat | ||
| 043 | _afs----- | ||
| 082 |
_a328 _bIPU |
||
| 245 | 0 | 0 |
_aSeminar for parliamentarians of the southern Africa sub-region : _bLusaka, Zambia, 20-23 June 1995 : the functioning of a parliament in a multi-party democratic setting. |
| 246 | 3 | 0 | _aFunctioning of a parliament in a multi-party democratic setting |
| 260 |
_aGeneva, Switzerland : _bInter-parliamentary Union, _c1995. |
||
| 300 |
_aii, 67 p. : _bmap ; _c30 cm. |
||
| 440 | 0 |
_aSeries "Reports and documents" ; _vno. 24 |
|
| 650 | 0 |
_aLegislative bodies _xCongresses. |
|
| 650 | 0 |
_aLegislative bodies _zAfrica, Southern _xCongresses. |
|
| 650 | 0 |
_aRepresentative government and representation _xCongresses. |
|
| 650 | 0 |
_aRepresentative government and representation _zAfrica, Southern _xCongresses. |
|
| 710 | 2 | _aInter-parliamentary Union. | |
| 906 |
_a7 _bcbc _ccopycat _d3 _encip _f19 _gy-gencatlg |
||
| 942 |
_2ddc _cBK |
||
| 999 |
_c1993 _d1993 |
||